Statistics for London Underground - Central Line

Click here to take the quiz!

General Stats

  • This quiz has been taken 49 times
  • The average score is 30 of 49

Answer Stats

Station% Correct
Marble Arch
94%
Tottenham Court Road
88%
Chancery Lane
81%
Epping
81%
Lancaster Gate
81%
Oxford Circus
81%
Theydon Bois
81%
Bond Street
75%
Ealing Broadway
75%
Liverpool Street
75%
Notting Hill Gate
75%
Queensway
75%
Snaresbrook
75%
St Paul's
75%
Bank
69%
Bethnal Green
69%
Gants Hill
69%
Holland Park
69%
East Acton
63%
Holborn
63%
Leyton
63%
Leytonstone
63%
Mile End
63%
Shepherd's Bush
63%
Stratford
63%
White City
63%
Debden
56%
Fairlop
56%
Grange Hill
56%
Loughton
56%
Ruislip Gardens
56%
West Acton
56%
Woodford
56%
Barkingside
50%
Buckhurst Hill
50%
Chigwell
50%
Greenford
50%
Newbury Park
50%
North Acton
50%
Northolt
50%
Perivale
50%
South Woodford
50%
Redbridge
44%
Roding Valley
44%
South Ruislip
44%
Wanstead
44%
West Ruislip
44%
Hanger Lane
38%
Hainult
19%

Score Distribution

Percentile by Number Answered

Percent of People with Each Score

Your Score History

You have not taken this quiz